书目信息 |
| 题名: |
学前心理学
|
|
| 作者: | 刘新学 , 唐雪梅 主编 | |
| 分册: | ||
| 出版信息: | 北京 北京师范大学出版社 2011.9 |
|
| 页数: | 257页 | |
| 开本: | 26cm | |
| 丛书名: | ||
| 单 册: | ||
| 中图分类: | B844.12 | |
| 科图分类: | ||
| 主题词: | 学前儿童--儿童心理学--教材 , 学前儿童 , 儿童心理学 | |
| 电子资源: | ||
| ISBN: | 978-7-303-13053-5 | |
| 000 | 01089nam0 2200277 45 | |
| 001 | 1360087827 | |
| 005 | 20130530094854.90 | |
| 010 | @a978-7-303-13053-5@dCNY26.80 | |
| 100 | @a20130513d2011 em y0chiy50 ea | |
| 101 | 0 | @achi |
| 102 | @aCN@b110000 | |
| 105 | @aa z 000yy | |
| 106 | @ar | |
| 200 | 1 | @a学前心理学@AXue Qian Xin Li Xue@f刘新学,唐雪梅主编@FLiu Xin Xue, Tang Xue Mei Zhu Bian |
| 210 | @a北京@c北京师范大学出版社@d2011.9 | |
| 215 | @a257页@c照片, 图@d26cm | |
| 300 | @a全国学前教育专业“十二五”系列规划教材 | |
| 330 | @a本书共十四单元,内容包括:学前儿童心理学概述、胎儿期的发育、学前儿童的注意、学前儿童的感知觉、学前儿童的记忆、学前儿童的想象、学前儿童的思维、学前儿童的语言、学前儿童的情绪与情感、学前儿童的意志、学前儿童的社会交往、学前儿童的个性的发展等。 | |
| 606 | 0 | @a学前儿童@x儿童心理学@j教材 |
| 606 | 0 | @a学前儿童 |
| 606 | 0 | @a儿童心理学 |
| 690 | @aB844.12@v5 | |
| 701 | 0 | @a刘新学@ALiu Xin Xue@f(1968~)@4主编 |
| 701 | 0 | @a唐雪梅@ATang Xue Mei@c(女,@f1967~)@4主编 |
| 801 | @aCN@bTANGWEI@c20130522 | |
| 905 | @b0833976-79@dB844.12@e1166@f4 | |
| 学前心理学/刘新学,唐雪梅主编.-北京:北京师范大学出版社,2011.9 |
| 257页:照片, 图;26cm |
| 全国学前教育专业“十二五”系列规划教材 |
| ISBN 978-7-303-13053-5:CNY26.80 |
| 本书共十四单元,内容包括:学前儿童心理学概述、胎儿期的发育、学前儿童的注意、学前儿童的感知觉、学前儿童的记忆、学前儿童的想象、学前儿童的思维、学前儿童的语言、学前儿童的情绪与情感、学前儿童的意志、学前儿童的社会交往、学前儿童的个性的发展等。 |
| ● |
| 相关链接 |
|
|
|
|
正题名:学前心理学
索取号:B844.12/1166
 
预约/预借
| 序号 | 登录号 | 条形码 | 馆藏地/架位号 | 状态 | 备注 |
| 1 | 0833976 | 208339760 | 第一样本阅览室/ [索取号:B844.12/1166] | 在馆 | |
| 2 | 0833977 | 208339779 | 教育系资料室/ [索取号:B844.12/1166] | 在馆 | |
| 3 | 0833978 | 208339788 | 教育系资料室/ [索取号:B844.12/1166] | 在馆 | |
| 4 | 0833979 | 208339797 | 第一借阅区/ [索取号:B844.12/1166] | 在馆 |